[Event "British Columbia op"]
[Site "Burnaby CAN"]
[Date "2025.02.16"]
[Round "3.18"]
[White "Radic, Dejan"]
[Black "Cachelin, Justin"]
[Result "0-1"]
[WhiteElo "1707"]
[BlackElo "1867"]
[WhiteFideId "-1"]
[WhiteFideId "-1"]
[PlyCount "76"]
[GameId "2162699947392579"]
[EventDate "2025.02.15"]
[EventType "swiss"]
[EventRounds "6"]
[EventCountry "CAN"]

1. e4 e5 2. Nf3 d5 3. Nxe5 dxe4 4. Bc4 Qg5 5. d4 Qxg2 6. Bxf7+ Kd8 7. Rf1 Nc6 8. Nc3 Bh3 9. Bc4 Nxe5 10. dxe5+ Ke8 11. Qd5 Qg6 12. Nb5 Rc8 13. Qxb7 Qb6 14. Qd5 Be7 15. Qf7+ Kd8 16. Be3 Qg6 17. O-O-O+ Bd7 18. Qxg6 hxg6 19. e6 Nf6 20. Nxa7 Ra8 21. Nc6+ Ke8 22. exd7+ Nxd7 23. Nxe7 Kxe7 24. Kb1 Ne5 25. Bg5+ Kf8 26. Bb3 Rxh2 27. Bf4 Rh5 28. Rh1 Nf3 29. Bxc7 Nd2+ 30. Kc1 Nxb3+ 31. cxb3 Rc8 32. Rd8+ Rxd8 33. Rxh5 gxh5 34. Bf4 Kf7 35. a4 Ke6 36. b4 Kd5 37. b3 Rf8 38. Be3 h4 0-1

[Event "British Columbia op"]
[Site "Burnaby CAN"]
[Date "2025.02.16"]
[Round "3.19"]
[White "Yin, Aiden"]
[Black "Landingin, Jofrel"]
[Result "0-1"]
[WhiteElo "1863"]
[BlackElo "1693"]
[WhiteFideId "-1"]
[WhiteFideId "-1"]
[PlyCount "124"]
[GameId "2162699947392580"]
[EventDate "2025.02.15"]
[EventType "swiss"]
[EventRounds "6"]
[EventCountry "CAN"]

1. e4 Nf6 2. e5 Nd5 3. d4 c6 4. Nf3 d6 5. c4 Nb6 6. Nc3 g6 7. Be2 Bg7 8. O-O O-O 9. Bf4 Bg4 10. Qb3 Qd7 11. exd6 exd6 12. c5 Nc8 13. cxd6 Nxd6 14. Ne5 Bxe5 15. Bxg4 Qxg4 16. Bxe5 Qd7 17. Bxd6 Qxd6 18. Qxb7 Nd7 19. d5 cxd5 20. Qxd5 Qxd5 21. Nxd5 Rab8 22. b3 f5 23. Rac1 Rb5 24. Rfd1 Rb7 25. Rc7 Rxc7 26. Nxc7 Nf6 27. Ne6 Re8 28. Rd8 Kf7 29. Ng5+ Ke7 30. Rxe8+ Kxe8 31. Kf1 Kd7 32. Ke2 Kd6 33. Kd3 Kc5 34. a3 Ng4 35. f3 Nf6 36. h3 Kd5 37. g4 Ke5 38. Ke3 Nd5+ 39. Ke2 Nf6 40. Nf7+ Kf4 41. Kf2 h5 42. gxh5 gxh5 43. Nd8 Nd5 44. Nc6 a6 45. Nb4 Nxb4 46. axb4 h4 47. b5 axb5 48. b4 Ke5 49. Ke3 Kd5 50. Kf4 Kc4 51. Kxf5 Kxb4 52. Kg4 Kc5 53. f4 b4 54. f5 b3 55. f6 Kd6 56. Kg5 Ke6 57. Kg6 b2 58. f7 b1=Q+ 59. Kg7 Qb7 60. Kh8 Kxf7 61. Kh7 Qa6 62. Kh8 Qh6# 0-1

[Event "British Columbia op"]
[Site "Burnaby CAN"]
[Date "2025.02.16"]
[Round "3.20"]
[White "Li, Aaron"]
[Black "Mingrone, Peter"]
[Result "1-0"]
[WhiteElo "1632"]
[BlackElo "1856"]
[WhiteFideId "-1"]
[WhiteFideId "-1"]
[PlyCount "57"]
[GameId "2162699947392581"]
[EventDate "2025.02.15"]
[EventType "swiss"]
[EventRounds "6"]
[EventCountry "CAN"]

1. d4 Nf6 2. c4 g6 3. Nc3 Bg7 4. e4 d6 5. Nf3 O-O 6. h3 a6 7. Be2 c5 8. Be3 Nbd7 9. O-O cxd4 10. Nxd4 Re8 11. Qd2 Nc5 12. Bf3 Ne6 13. Nb3 Nd7 14. Nd5 Nec5 15. Nxc5 dxc5 16. Rad1 e6 17. Nc3 Qc7 18. Bh6 Be5 19. Be2 Nb8 20. Be3 b6 21. f4 Bg7 22. e5 Bb7 23. Qd6 Qxd6 24. Rxd6 Bc6 25. Bf3 Rc8 26. Rfd1 Bf8 27. Rd8 Rc7 28. Bxc6 Rxc6 29. f5 1-0

[Event "British Columbia op"]
[Site "Burnaby CAN"]
[Date "2025.02.16"]
[Round "3.21"]
[White "Zhu, Aiden"]
[Black "Wu, Nicholas Pei-Chang"]
[Result "0-1"]
[WhiteElo "1627"]
[BlackElo "1838"]
[WhiteFideId "-1"]
[WhiteFideId "-1"]
[PlyCount "70"]
[GameId "2162699947404870"]
[EventDate "2025.02.15"]
[EventType "swiss"]
[EventRounds "6"]
[EventCountry "CAN"]

1. c4 g6 2. d4 Bg7 3. g3 d6 4. Bg2 Nf6 5. Nf3 O-O 6. Nc3 c5 7. e3 a6 8. O-O Qc7 9. b3 b6 10. Bb2 Bb7 11. Nd2 Bxg2 12. Kxg2 Nbd7 13. f4 b5 14. Rc1 b4 15. Nce4 a5 16. Nxf6+ Nxf6 17. d5 Nxd5 18. cxd5 Bxb2 19. Rc2 Bg7 20. Rc4 Qd7 21. e4 a4 22. e5 axb3 23. Qxb3 Ra3 24. Qc2 Rfa8 25. Rf2 Rxa2 26. Qe4 Qb7 27. e6 f5 28. Qd3 R8a3 29. Nb3 Rxf2+ 30. Kxf2 Bd4+ 31. Kg2 Qxd5+ 32. Kh3 Ra2 33. Qf1 Rf2 34. Rxd4 Qf3 35. Rd3 Qh5# 0-1

[Event "British Columbia op"]
[Site "Burnaby CAN"]
[Date "2025.02.16"]
[Round "3.22"]
[White "Chua, Zachary"]
[Black "Laha, Joydeep"]
[Result "1-0"]
[WhiteElo "1829"]
[BlackElo "1638"]
[WhiteFideId "-1"]
[WhiteFideId "-1"]
[PlyCount "95"]
[GameId "2162699947404871"]
[EventDate "2025.02.15"]
[EventType "swiss"]
[EventRounds "6"]
[EventCountry "CAN"]

1. d4 d5 2. Bf4 Nf6 3. e3 Bf5 4. Nd2 e6 5. Ngf3 Bd6 6. Ne5 a6 7. c4 dxc4 8. Bxc4 O-O 9. h3 c5 10. O-O cxd4 11. exd4 b5 12. Be2 Qb6 13. Ndc4 bxc4 14. Nxc4 Qc6 15. Nxd6 Bg6 16. Re1 Ra7 17. Rc1 Qd7 18. Bf3 Rc7 19. Nc4 Rcc8 20. Nb6 Rxc1 21. Nxd7 Rxd1 22. Nxf6+ gxf6 23. Rxd1 Nd7 24. Bb7 e5 25. dxe5 Nc5 26. Bf3 Nd3 27. Bh6 Rb8 28. exf6 Rxb2 29. h4 Rb8 30. Be2 Nc5 31. h5 Bc2 32. Rd2 Ba4 33. Be3 Ne4 34. Rd4 Bc2 35. Bf4 Rb1+ 36. Kh2 Nxf6 37. Be5 Rb6 38. Rd8+ Kg7 39. Bd4 Re6 40. Bg4 Rc6 41. Bf3 Re6 42. Bd5 Re1 43. Rd6 Rd1 44. Bxf6+ Kh6 45. Be7+ f6 46. Bxf6 Be4 47. Be7+ Kxh5 48. Bf7+ 1-0

[Event "British Columbia op"]
[Site "Burnaby CAN"]
[Date "2025.02.16"]
[Round "3.23"]
[White "Xu, Joey"]
[Black "Zaruev, Timur"]
[Result "1-0"]
[WhiteElo "1811"]
[BlackElo "1902"]
[WhiteFideId "-1"]
[WhiteFideId "-1"]
[PlyCount "73"]
[GameId "2162699947404872"]
[EventDate "2025.02.15"]
[EventType "swiss"]
[EventRounds "6"]
[EventCountry "CAN"]

1. c4 e5 2. g3 Nf6 3. Bg2 Bc5 4. Nc3 O-O 5. d3 c6 6. Nf3 d6 7. O-O a5 8. Bg5 h6 9. Bxf6 Qxf6 10. Ne4 Qe7 11. Nxc5 dxc5 12. Qc2 Nd7 13. e3 Nf6 14. d4 e4 15. Ne5 cxd4 16. exd4 c5 17. Bxe4 Nxe4 18. Qxe4 f6 19. Qd5+ Be6 20. Ng6 Qf7 21. Qd6 Bxc4 22. Nxf8 Bxf1 23. Rxf1 Rxf8 24. d5 b6 25. Re1 Re8 26. Re6 Rxe6 27. dxe6 Qg6 28. Qd5 Kf8 29. Qd8+ Qe8 30. Qxb6 Qe7 31. h4 g5 32. hxg5 fxg5 33. Qb8+ Qe8 34. Qe5 Qg6 35. Qd6+ Ke8 36. Qd7+ Kf8 37. e7+ 1-0

[Event "British Columbia op"]
[Site "Burnaby CAN"]
[Date "2025.02.16"]
[Round "3.24"]
[White "Daniel, Kyle"]
[Black "Wu, Bowen"]
[Result "0-1"]
[WhiteElo "1798"]
[BlackElo "1880"]
[WhiteFideId "-1"]
[WhiteFideId "-1"]
[PlyCount "60"]
[GameId "2162699947404873"]
[EventDate "2025.02.15"]
[EventType "swiss"]
[EventRounds "6"]
[EventCountry "CAN"]

1. d4 d5 2. Nc3 Nf6 3. Bf4 c6 4. e3 Bf5 5. f3 h6 6. g4 Bh7 7. Bd3 e6 8. Bxh7 Nxh7 9. Qd3 Bd6 10. Bxd6 Qxd6 11. O-O-O Nd7 12. Nge2 O-O-O 13. Kb1 Kb8 14. e4 Rc8 15. h4 Nb6 16. Nc1 Nf8 17. e5 Qe7 18. f4 Nfd7 19. Nb3 a6 20. f5 c5 21. Nxc5 Nxc5 22. dxc5 Qxc5 23. Ne2 Nc4 24. Qd4 Qb5 25. Rh3 Nxb2 26. Nc3 Rxc3 27. Rxc3 Nxd1+ 28. Rb3 Qf1 29. Qb6 Nc3+ 30. Kb2 Na4+ 0-1

[Event "British Columbia op"]
[Site "Burnaby CAN"]
[Date "2025.02.16"]
[Round "3.25"]
[White "Mu, Shaunavon"]
[Black "Lu, Aiden Hao-Ting"]
[Result "1/2-1/2"]
[WhiteElo "1844"]
[BlackElo "1785"]
[WhiteFideId "-1"]
[WhiteFideId "-1"]
[PlyCount "99"]
[GameId "2162699947404874"]
[EventDate "2025.02.15"]
[EventType "swiss"]
[EventRounds "6"]
[EventCountry "CAN"]

1. Nf3 d5 2. g3 Nf6 3. Bg2 c6 4. O-O Bg4 5. c4 e6 6. b3 Nbd7 7. Bb2 Bd6 8. Nc3 O-O 9. d3 Re8 10. Rc1 Qe7 11. h3 Bh5 12. Qc2 Ba3 13. g4 Bxb2 14. Qxb2 Bg6 15. Nh4 Qd6 16. Nxg6 hxg6 17. f4 Rad8 18. Qd2 Nc5 19. b4 Na6 20. c5 Qe7 21. a3 Nc7 22. d4 Nh7 23. e3 f6 24. h4 g5 25. hxg5 fxg5 26. Rce1 Qd7 27. Bf3 Rf8 28. Qh2 Rf6 29. Qg3 Rdf8 30. Bd1 Qf7 31. Ne2 a5 32. Bc2 axb4 33. axb4 Na6 34. Rb1 Nc7 35. Rf2 gxf4 36. Bxh7+ Kxh7 37. exf4 Nb5 38. g5 Qg6 39. Rb3 R6f7 40. Qh4+ Kg8 41. Rh3 Rc7 42. Rfh2 Qe4 43. Qh5 Nxd4 44. Nxd4 Qxd4+ 45. Kg2 Qd2+ 46. Kg1 Qe1+ 47. Kg2 Qd2+ 48. Kg1 Qe1+ 49. Kg2 Qd2+ 50. Kg1 1/2-1/2

[Event "British Columbia op"]
[Site "Burnaby CAN"]
[Date "2025.02.16"]
[Round "3.26"]
[White "Wangluo, Joanne"]
[Black "Zhu, Daniel"]
[Result "0-1"]
[WhiteElo "1641"]
[BlackElo "1821"]
[WhiteFideId "-1"]
[WhiteFideId "-1"]
[PlyCount "102"]
[GameId "2162699947404875"]
[EventDate "2025.02.15"]
[EventType "swiss"]
[EventRounds "6"]
[EventCountry "CAN"]

1. d4 Nf6 2. c4 e6 3. Nc3 Bb4 4. a3 Bxc3+ 5. bxc3 d5 6. e3 O-O 7. Nf3 c5 8. Be2 Nc6 9. O-O Qc7 10. a4 Rd8 11. Qc2 b6 12. Ba3 Ne4 13. Bd3 f5 14. cxd5 exd5 15. Rfd1 Rd6 16. Rac1 Rh6 17. g3 c4 18. Bf1 Be6 19. Qe2 Bf7 20. Qb2 Bh5 21. Be2 Re8 22. Nh4 Bxe2 23. Qxe2 Qf7 24. Qf3 g6 25. Qf4 g5 26. Qxf5 gxh4 27. Qxf7+ Kxf7 28. g4 Rg6 29. h3 h5 30. f3 Ng3 31. Kf2 hxg4 32. hxg4 Rge6 33. Re1 Na5 34. Rc2 Nb3 35. Bc1 a6 36. Bb2 b5 37. axb5 axb5 38. Ba3 Ra8 39. Bb4 Rea6 40. Kg2 Kg6 41. Kh3 Rh8 42. Be7 Ra7 43. Bxh4 Rah7 44. Kxg3 Rxh4 45. Kf4 Rh3 46. Ke5 Rd8 47. Ra2 Rxf3 48. Ra6+ Kg5 49. Rb6 Na5 50. Rxb5 Nc6+ 51. Ke6 Rf6# 0-1

[Event "British Columbia op"]
[Site "Burnaby CAN"]
[Date "2025.02.16"]
[Round "3.27"]
[White "Leblanc, Paul"]
[Black "Ibrahim, Ismail"]
[Result "1-0"]
[WhiteElo "1814"]
[BlackElo "2020"]
[WhiteFideId "-1"]
[WhiteFideId "-1"]
[PlyCount "89"]
[GameId "2162699947404876"]
[EventDate "2025.02.15"]
[EventType "swiss"]
[EventRounds "6"]
[EventCountry "CAN"]

1. d4 Nf6 2. Nf3 d5 3. c4 e6 4. Nc3 Bb4 5. Bg5 Bxc3+ 6. bxc3 h6 7. Bxf6 gxf6 8. e3 c6 9. Be2 Qa5 10. Qb3 Nd7 11. O-O h5 12. cxd5 Qxd5 13. c4 Qf5 14. Rad1 h4 15. h3 Rg8 16. Kh1 e5 17. Nxh4 Qh7 18. Nf3 Nc5 19. Qb1 Ne4 20. Ng1 Bf5 21. Bd3 O-O-O 22. d5 c5 23. Qc2 Qg7 24. Bxe4 Bd7 25. g3 Rh8 26. Bf5 Rh5 27. Bxd7+ Rxd7 28. e4 Qg4 29. Qd3 Rd8 30. Kg2 Qd7 31. g4 Rg8 32. f3 Rh4 33. Ne2 Qd6 34. Ng3 Qd7 35. Nf5 Rh7 36. d6 Rgh8 37. Rh1 b6 38. Rb1 Qa4 39. Qb3 Qa5 40. Rbd1 Kd8 41. Rd3 Qa6 42. a4 Qb7 43. a5 Qa6 44. axb6 axb6 45. h4 1-0

[Event "British Columbia op"]
[Site "Burnaby CAN"]
[Date "2025.02.16"]
[Round "3.28"]
[White "Imoo, Joshua"]
[Black "Guo, Biaobiao Boyong"]
[Result "0-1"]
[WhiteElo "1813"]
[BlackElo "1895"]
[WhiteFideId "-1"]
[WhiteFideId "-1"]
[PlyCount "60"]
[GameId "2162699947404877"]
[EventDate "2025.02.15"]
[EventType "swiss"]
[EventRounds "6"]
[EventCountry "CAN"]

1. e4 g6 2. d4 Bg7 3. Nc3 d6 4. Be3 Nf6 5. f3 O-O 6. Qd2 c6 7. Nge2 b5 8. g4 Ba6 9. Ng3 b4 10. Nce2 Qb6 11. h4 c5 12. h5 Nc6 13. Nf5 gxf5 14. h6 Nxe4 15. fxe4 Bf6 16. c3 fxe4 17. g5 Bh8 18. Bg2 Bd3 19. Nf4 bxc3 20. bxc3 cxd4 21. cxd4 Bxd4 22. Nd5 Bxe3 23. Nxe3 Ne5 24. Nd5 Qb7 25. Nf4 d5 26. Nh5 Qb6 27. Qf4 Qb2 28. Ng3 Qxa1+ 29. Kf2 Qd4+ 30. Ke1 Rab8 0-1

[Event "British Columbia op"]
[Site "Burnaby CAN"]
[Date "2025.02.16"]
[Round "3.29"]
[White "Li, Moses"]
[Black "Zheng, Yanchen"]
[Result "0-1"]
[WhiteElo "1741"]
[BlackElo "1847"]
[WhiteFideId "-1"]
[WhiteFideId "-1"]
[PlyCount "74"]
[GameId "2162699947404878"]
[EventDate "2025.02.15"]
[EventType "swiss"]
[EventRounds "6"]
[EventCountry "CAN"]

1. e4 c5 2. Nc3 e6 3. Bc4 Nc6 4. Nf3 Nf6 5. O-O d5 6. exd5 exd5 7. Re1+ Be7 8. Bb5 Bd7 9. d4 O-O 10. dxc5 Bxc5 11. Be3 Bxe3 12. Rxe3 Bg4 13. Bxc6 bxc6 14. Qd3 Bxf3 15. Rxf3 Re8 16. Qf5 Qd6 17. Re3 Rxe3 18. fxe3 Re8 19. Qf3 Qc5 20. Re1 d4 21. Ne2 Rxe3 22. Qf2 d3 23. b4 Qb6 24. cxd3 Ng4 25. Qf1 Rxe2+ 26. Kh1 Rxe1 27. Qxe1 Nf2+ 28. Kg1 Nxd3+ 29. Kf1 Nxe1 30. Kxe1 Qxb4+ 31. Kd1 c5 32. Kc1 c4 33. h4 c3 34. Kd1 Qd4+ 35. Ke1 Qd2+ 36. Kf1 c2 37. g4 c1=R# 0-1

[Event "British Columbia op"]
[Site "Burnaby CAN"]
[Date "2025.02.16"]
[Round "3.30"]
[White "Sen, Arya Volkan"]
[Black "Fang, Pengsen"]
[Result "1-0"]
[WhiteElo "1582"]
[BlackElo "1840"]
[WhiteFideId "-1"]
[WhiteFideId "-1"]
[PlyCount "67"]
[GameId "2162699947404879"]
[EventDate "2025.02.15"]
[EventType "swiss"]
[EventRounds "6"]
[EventCountry "CAN"]

1. c4 c5 2. g3 Nc6 3. Bg2 g6 4. Nf3 Bg7 5. O-O d6 6. d3 e5 7. e4 Nge7 8. Nc3 O-O 9. Ne1 f5 10. f4 Nd4 11. Bd2 Rb8 12. Nc2 a6 13. Nxd4 exd4 14. Nd5 Nxd5 15. cxd5 b5 16. a4 c4 17. axb5 axb5 18. Ba5 Qf6 19. Re1 fxe4 20. dxe4 Re8 21. e5 dxe5 22. Bc7 Rb7 23. Bxe5 Qf7 24. Qxd4 Rbe7 25. d6 Rd8 26. Ra8 Ree8 27. Bd5 Be6 28. Rxd8 Rxd8 29. Bxg7 Bxd5 30. Re7 Qf5 31. Bh6 Qb1+ 32. Kf2 Qc2+ 33. Re2 Qxe2+ 34. Kxe2 1-0

[Event "British Columbia op"]
[Site "Burnaby CAN"]
[Date "2025.02.16"]
[Round "3.31"]
[White "Yang, Nathan Yi-Hsin"]
[Black "Yang, Larry"]
[Result "1/2-1/2"]
[WhiteElo "1823"]
[BlackElo "1685"]
[WhiteFideId "-1"]
[WhiteFideId "-1"]
[PlyCount "94"]
[GameId "2162699947404880"]
[EventDate "2025.02.15"]
[EventType "swiss"]
[EventRounds "6"]
[EventCountry "CAN"]

1. d4 Nf6 2. Bg5 Ne4 3. h4 h6 4. Bf4 d5 5. e3 Bf5 6. c3 c6 7. Bd3 e6 8. Qc2 Bd6 9. Ne2 Bxf4 10. Nxf4 Nd6 11. Nd2 Nd7 12. O-O-O Qc7 13. g3 O-O-O 14. Kb1 Kb8 15. Rc1 Rc8 16. Bxf5 Nxf5 17. c4 dxc4 18. Nxc4 Nd6 19. Qb3 Nb6 20. Nxd6 Qxd6 21. Rhd1 Qe7 22. Nd3 Ka8 23. Rc5 Rhd8 24. Rdc1 Rd5 25. Rxd5 exd5 26. Ka1 Qd6 27. Nc5 Qe7 28. Qb4 Qc7 29. a4 Nc4 30. b3 Nd6 31. Nd3 Rd8 32. Nf4 Qb6 33. Qc3 Ne4 34. Qc2 Qb4 35. Ka2 Qd2 36. Qxd2 Nxd2 37. Rc2 Ne4 38. Nd3 Kb8 39. Nc5 Nxc5 40. Rxc5 Re8 41. b4 Re6 42. Rc2 Kc7 43. Kb3 Kd7 44. Kc3 Kd6 45. Kd3 f5 46. f3 h5 47. Rg2 Rg6 1/2-1/2

[Event "British Columbia op"]
[Site "Burnaby CAN"]
[Date "2025.02.16"]
[Round "4.1"]
[White "Liu, Zachary Hankun"]
[Black "Yang, Jingyun (Ryan)"]
[Result "1/2-1/2"]
[WhiteElo "2137"]
[BlackElo "2331"]
[WhiteFideId "-1"]
[WhiteFideId "-1"]
[PlyCount "213"]
[GameId "2151397239857488"]
[EventDate "2025.02.15"]
[EventType "swiss"]
[EventRounds "6"]
[EventCountry "CAN"]

1. e4 c5 2. Nf3 Nc6 3. Nc3 g6 4. d3 Bg7 5. Be3 d6 6. Be2 Nf6 7. h3 Rb8 8. a4 a6 9. e5 dxe5 10. Bxc5 O-O 11. O-O Nd5 12. Nxd5 Qxd5 13. Be3 Bf5 14. Nd2 Nd4 15. Bxd4 exd4 16. a5 Qb5 17. b3 Bh6 18. Nc4 Be6 19. Nb6 Bf4 20. Bg4 f5 21. Qe2 Bf7 22. Bf3 Rfe8 23. Nc4 Bc7 24. g3 e5 25. Bg2 Re6 26. Rfe1 Rbe8 27. Qd2 R6e7 28. Ra4 Bxc4 29. dxc4 Qc5 30. Bd5+ Kg7 31. c3 dxc3 32. Qxc3 b5 33. axb6 Bxb6 34. Re2 a5 35. b4 axb4 36. Qxb4 Qd4 37. Rd2 Qc5 38. Qxc5 Bxc5 39. Ra8 Rxa8 40. Bxa8 Ra7 41. Bc6 Kf6 42. Kg2 Ke6 43. Bd5+ Kf6 44. Bc6 Ra3 45. f3 Rc3 46. Bd5 Rc1 47. Re2 Bd4 48. Kh2 h6 49. Kg2 Kg5 50. Kh2 f4 51. gxf4+ exf4 52. Rg2+ Kf6 53. Ra2 Bg1+ 54. Kg2 Be3 55. Kh2 h5 56. Be4 Rxc4 57. Ra6+ Kg5 58. Rxg6+ Kh4 59. Rc6 Rd4 60. Rc2 Rd1 61. Re2 Rd8 62. Rc2 Bd2 63. Ra2 Be1 64. Bg6 Rd6 65. Be4 Rd7 66. Re2 Bg3+ 67. Kg2 Rg7 68. Bf5 Be1+ 69. Kh2 Bc3 70. Rg2 Re7 71. Be4 Re5 72. Re2 Ra5 73. Bc6 Rg5 74. Rg2 Re5 75. Rc2 Be1 76. Bd7 Re3 77. Kg2 Re7 78. Bf5 Rg7+ 79. Kf1 Ba5 80. Rc5 Bb6 81. Rb5 Be3 82. Be4 Rg1+ 83. Ke2 Rg2+ 84. Kf1 Rg3 85. Ke2 Bd4 86. Bc6 Rg6 87. Be4 Rg2+ 88. Kf1 Rg3 89. Ke2 Bf6 90. Kf2 Rxh3 91. Bg6 Bg5 92. Kg2 Rg3+ 93. Kf2 Kh3 94. Bxh5 Bh4 95. Ke2 Rg7 96. Bg4+ Kg2 97. Rf5 Bg3 98. Rf6 Ra7 99. Kd3 Ra3+ 100. Ke4 Re3+ 101. Kd5 Kf2 102. Kd4 Ke2 103. Re6 Rxe6 104. Bxe6 Kxf3 105. Bd5+ Ke2 106. Ba8 f3 107. Bxf3+ 1/2-1/2

[Event "British Columbia op"]
[Site "Burnaby CAN"]
[Date "2025.02.16"]
[Round "4.2"]
[White "Chen, Yidong"]
[Black "Taylor, Tristan"]
[Result "1/2-1/2"]
[WhiteElo "2260"]
[BlackElo "2074"]
[WhiteFideId "-1"]
[WhiteFideId "-1"]
[PlyCount "76"]
[GameId "2151397239857489"]
[EventDate "2025.02.15"]
[EventType "swiss"]
[EventRounds "6"]
[EventCountry "CAN"]

1. e4 e6 2. d4 d5 3. Nd2 c5 4. Ngf3 cxd4 5. Nxd4 Nc6 6. Nxc6 bxc6 7. Bd3 Bd6 8. Qe2 Qc7 9. h3 Nf6 10. c4 O-O 11. O-O Bb7 12. b3 Be5 13. Rb1 dxe4 14. Nxe4 c5 15. Re1 Nxe4 16. Bxe4 Bd4 17. Bf4 Qxf4 18. Bxb7 Rad8 19. Bf3 Rd6 20. Qe4 Qxe4 21. Bxe4 Rfd8 22. Bf3 Ra6 23. Re2 Rb6 24. Rd2 a5 25. Rc1 Rbd6 26. Kf1 Kf8 27. g3 Ke7 28. Kg2 g6 29. h4 Bg7 30. Rxd6 Rxd6 31. Rd1 Rxd1 32. Bxd1 Kd6 33. f4 e5 34. fxe5+ Kxe5 35. Bf3 f5 36. Bd5 h6 37. Kf3 Bf6 38. Bf7 g5 1/2-1/2

[Event "British Columbia op"]
[Site "Burnaby CAN"]
[Date "2025.02.16"]
[Round "4.3"]
[White "Chen, Yonglong"]
[Black "Aljo, Johan"]
[Result "0-1"]
[WhiteElo "1570"]
[BlackElo "2228"]
[WhiteFideId "-1"]
[WhiteFideId "-1"]
[PlyCount "113"]
[GameId "2162699947404883"]
[EventDate "2025.02.15"]
[EventType "swiss"]
[EventRounds "6"]
[EventCountry "CAN"]

1. d4 d5 2. Nf3 Nf6 3. Bf4 e6 4. e3 c5 5. Nbd2 Qb6 6. Rb1 Bd7 7. c3 cxd4 8. exd4 Bb5 9. Ne5 Bxf1 10. Nxf1 Be7 11. g4 Nc6 12. Nd2 Nxe5 13. Bxe5 O-O 14. h4 Nd7 15. Nf3 f6 16. Bg3 Bd6 17. Rh3 Rae8 18. Qa4 Qc7 19. Kf1 Bxg3 20. Rxg3 e5 21. h5 e4 22. Nh4 Nb6 23. Qc2 e3 24. Nf5 Nc4 25. Kg2 Qf4 26. Rf3 Qg5 27. Re1 Re4 28. Nxe3 Nxe3+ 29. Rexe3 Rxg4+ 30. Rg3 Rxg3+ 31. Rxg3 Qxh5 32. Qa4 a6 33. Qd7 Qf7 34. Qf5 Re8 35. Qg4 g6 36. Rh3 Qe6 37. Qg3 Re7 38. Qb8+ Kg7 39. Re3 Qd7 40. Qf4 g5 41. Rxe7+ Qxe7 42. Qg3 h5 43. Kh2 b5 44. a3 Kg6 45. Qb8 Qe6 46. Qd8 f5 47. Qc7 f4 48. Kg2 Kf5 49. b3 Kg4 50. a4 Qe4+ 51. Kh2 Qf3 52. Qd7+ Kh4 53. Kg1 Qd1+ 54. Kh2 Qf1 55. axb5 Qxf2+ 56. Kh1 Kg3 57. Qh3+ 0-1

[Event "British Columbia op"]
[Site "Burnaby CAN"]
[Date "2025.02.16"]
[Round "4.4"]
[White "Arya, Aadit"]
[Black "Peiris, T G M"]
[Result "1/2-1/2"]
[WhiteElo "1960"]
[BlackElo "1870"]
[WhiteFideId "-1"]
[WhiteFideId "-1"]
[PlyCount "119"]
[GameId "2162699947404884"]
[EventDate "2025.02.15"]
[EventType "swiss"]
[EventRounds "6"]
[EventCountry "CAN"]

1. e4 d6 2. d4 Nf6 3. Nc3 g6 4. Nf3 Bg7 5. h3 O-O 6. Be3 a6 7. a4 b6 8. Bd3 Bb7 9. Qd2 Nbd7 10. O-O c5 11. d5 Qc7 12. b3 Rfe8 13. Bh6 e6 14. Bxg7 Kxg7 15. Bc4 exd5 16. exd5 Re7 17. Rae1 Rae8 18. Rxe7 Rxe7 19. Qd3 Qc8 20. Qd2 Qe8 21. Nh4 h6 22. f4 Kh7 23. Qf2 Re3 24. Nd1 Re7 25. Nc3 Qh8 26. Qg3 Nh5 27. Qd3 Qf6 28. g3 Qd4+ 29. Qxd4 cxd4 30. Ne2 Nhf6 31. Nxd4 Nxd5 32. Ng2 Kg7 33. Be2 Nc3 34. Bf3 Bxf3 35. Rxf3 Ne2+ 36. Nxe2 Rxe2 37. Rf2 Re6 38. f5 Re5 39. fxg6 fxg6 40. Rd2 d5 41. Nf4 Nf6 42. Kg2 g5 43. Nd3 Re3 44. Nb4 Ne4 45. Rxd5 Rxg3+ 46. Kh2 a5 47. Re5 axb4 48. Rxe4 Rc3 49. Rc4 Rxc4 50. bxc4 Kf6 51. c5 bxc5 52. a5 c4 53. a6 b3 54. cxb3 cxb3 55. a7 b2 56. a8=Q b1=Q 57. Qh8+ Kg6 58. Qg8+ Kf6 59. Qh8+ Kg6 60. Qg8+ 1/2-1/2

[Event "British Columbia op"]
[Site "Burnaby CAN"]
[Date "2025.02.16"]
[Round "4.6"]
[White "Baldeschi, Niccolò"]
[Black "Chua, Zachary"]
[Result "1-0"]
[WhiteElo "2357"]
[BlackElo "1829"]
[WhiteFideId "-1"]
[WhiteFideId "-1"]
[PlyCount "69"]
[GameId "2162699947413077"]
[EventDate "2025.02.15"]
[EventType "swiss"]
[EventRounds "6"]
[EventCountry "CAN"]

1. d4 d5 2. c4 e6 3. Nc3 Nf6 4. cxd5 exd5 5. Bg5 c6 6. e3 Bd6 7. Bd3 O-O 8. Qc2 h6 9. Bh4 b6 10. Nf3 Re8 11. O-O Ba6 12. Bxa6 Nxa6 13. Qa4 Nb8 14. Bxf6 gxf6 15. Qc2 Qc8 16. Nh4 Qg4 17. Nf5 Bf8 18. Ne2 Qe4 19. Qxe4 Rxe4 20. Rfc1 a6 21. Rc2 Ra7 22. Nf4 Kh7 23. g4 Rd7 24. f3 Re8 25. Rac1 c5 26. dxc5 bxc5 27. Rd1 Red8 28. Kg2 Nc6 29. Nh5 Be7 30. Nxe7 Rxe7 31. Nxf6+ Kg6 32. Nxd5 Nb4 33. Nxe7+ Kf6 34. Rxd8 Nxc2 35. Nf5 1-0

[Event "British Columbia op"]
[Site "Burnaby CAN"]
[Date "2025.02.16"]
[Round "4.7"]
[White "Cachelin, Justin"]
[Black "Yao, Lucas"]
[Result "0-1"]
[WhiteElo "1867"]
[BlackElo "2109"]
[WhiteFideId "-1"]
[WhiteFideId "-1"]
[PlyCount "120"]
[GameId "2162699947413078"]
[EventDate "2025.02.15"]
[EventType "swiss"]
[EventRounds "6"]
[EventCountry "CAN"]

1. Nf3 d5 2. g3 Nf6 3. Bg2 Nbd7 4. d4 Nb6 5. a4 Bf5 6. a5 Nc4 7. b3 Nd6 8. Nh4 Bg4 9. h3 Bd7 10. O-O g6 11. c4 c6 12. c5 Nb5 13. Nf3 Bg7 14. Ne5 a6 15. Bf4 Bf5 16. e3 h6 17. g4 Bxb1 18. Qxb1 O-O 19. g5 hxg5 20. Bxg5 Nd7 21. Nd3 f6 22. Bh4 g5 23. Bg3 e5 24. dxe5 fxe5 25. e4 Nc3 26. Qc2 Nxe4 27. Bxe4 dxe4 28. Qc4+ Kh8 29. Qxe4 Qe7 30. h4 gxh4 31. Bxh4 Bf6 32. Ra4 Rg8+ 33. Bg3 Rg7 34. Kg2 Rh7 35. Raa1 Rg8 36. Rh1 Rgg7 37. Rxh7+ Rxh7 38. b4 Qe6 39. Nf4 Qf7 40. Ng6+ Kg8 41. Rd1 Rg7 42. Nh4 Bxh4 43. Qxh4 Qf5 44. Qd8+ Nf8 45. Qd2 Qe4+ 46. f3 Qg6 47. Qa2+ Ne6 48. Kf1 Qxg3 49. Qxe6+ Rf7 50. Rd8+ Kg7 51. Rd3 Rxf3+ 52. Rxf3 Qxf3+ 53. Kg1 Qe3+ 54. Kf1 Qf4+ 55. Kg1 Qg5+ 56. Kf2 Qf6+ 57. Qxf6+ Kxf6 58. Kf3 Kf5 59. Ke3 e4 60. Kd4 Kf4 0-1

[Event "British Columbia op"]
[Site "Burnaby CAN"]
[Date "2025.02.16"]
[Round "4.8"]
[White "Leong, Ryan"]
[Black "Tu, Liam"]
[Result "1-0"]
[WhiteElo "2062"]
[BlackElo "1819"]
[WhiteFideId "-1"]
[WhiteFideId "-1"]
[PlyCount "83"]
[GameId "2162699947413079"]
[EventDate "2025.02.15"]
[EventType "swiss"]
[EventRounds "6"]
[EventCountry "CAN"]

1. Nf3 Nf6 2. g3 b5 3. Bg2 Bb7 4. O-O e6 5. b3 Be7 6. Bb2 O-O 7. d3 c5 8. c4 b4 9. e4 d6 10. Nbd2 Nc6 11. Qe2 a5 12. d4 cxd4 13. Nxd4 Nxd4 14. Bxd4 a4 15. Rfd1 Nd7 16. f4 Qc7 17. h4 e5 18. Bf2 exf4 19. gxf4 Bf6 20. Rac1 Nc5 21. Qe3 Rfe8 22. e5 Bxg2 23. Kxg2 Qc8 24. Nf3 Qg4+ 25. Bg3 dxe5 26. Nxe5 Bxe5 27. fxe5 Ne4 28. Qf3 Qxg3+ 29. Qxg3 Nxg3 30. Kxg3 axb3 31. axb3 Rxe5 32. c5 Rc8 33. c6 Ree8 34. Rd4 h6 35. Rxb4 g5 36. hxg5 hxg5 37. Kg4 f6 38. Kf5 Re3 39. Rb7 g4 40. Kg6 g3 41. Rg7+ Kf8 42. Rh1 1-0